LEADER 01661nam a2200277 i 4500 001 000000342539 003 CaOOAMICUS 005 20201230132543.0 008 201012s2019 it a u000 u ita u 013 $a237589 020 $a978-88-7105-439-1 040 $aSeMil$bita 100 1 $aRaspi, Luca,$d<1980- >.$0(OLS)http://semarc/name/112278 245 10$aLegislazione scolastica e insegnamento della religione cattolica /$cLuca Raspi. 264 1$aMilano :$bGlossa,$c2019. 300 $aXVI, 255 p. ;$c21 cm 490 1 $aStrumenti ;$v9 520 0 $aIl volume offre un'introduzione al lessico di base del diritto per comprendere i contenuti della legislazione scolastica. Contiene una breve e puntuale carrellata sulla storia della scuola italiana con un'attenzione specifica all'Insegnamento della religione cattolica. Analizza i pił importanti ambiti del sistema scolastico italiano, quali l'organizzazione e gestione della scuola, il funzionamento della scuola paritaria, diritti e doveri dei docenti e degli studenti, i programmi dell'Irc. Si tratta di un manuale sistematico. 650 4$aInsegnamento della religione cattolica .$0(OLS)http://semarc/subject/5447 830 0$aStrumenti ;$v9.$0(OLS)http://semarc/title/422420 850 $aSeMil 852 $aSeMil$W1$xVenegono$y1$m2KA P 9$j230704$B233462$CSeMilBibl$Z2$F233462 $81 996 $6020$a978-88-7105-439-1$9(OLS)http://semarc/number/291444 996 $6245$aLegislazione scolastica e insegnamento della religione cattolica$9(OLS)http://semarc/title/431371 996 $6264$aMilano :$bGlossa$9(OLS)http://semarc/publisher/29635 LEADER 01114nam a2200193 i 4500 001 000000250824 003 CaOOAMICUS 005 20250814124102.0 008 160823s1807 it u000 u ita u 013 $a229729 026 $as.m- i.on e,r- l'pr (7) 1807 (A) 040 $aSeMil$bita 245 10$a5. 300 $a328 p. 773 0 $aMaleville, Jacques $tAnalisi ragionata della discussione intorno al codice civile tenutasi nel Consiglio di Stato francese, contenente il compendio delle osservazioni fatte su d'ogni articolo, ed i motivi della decisione del Consiglio, ... insieme alcuni articoli del Codice, e rettificarne alcuni altri agevolando la spiegazione loro ed il loro significato. Traduzione italiana del signor Giorgio Ricchi ... con annotazioni del traduttore. Volume 1. [-12.].$dMilano : Dalla Tipografia di Francesco Sonzogno di G. Batt., 1805-1809.$kBiblioteca di giurisprudenza italiana$g5$w()11206 850 $aSeMil 852 $aSeMil$W1$xVenegono$y1$m3L II 47 FA$j201170$B201170$CSeMilBibl$Z2$F212927 $8I 996 $6245$a5$9(OLS)http://semarc/title/57540